
Library Catalogue

| 000 -LEADER | |
|---|---|
| fixed length control field | 01078cam a2200217 a 4500 |
| 005 - DATE AND TIME OF LATEST TRANSACTION | |
| control field | 20260409162335.0 |
| 008 - FIXED-LENGTH DATA ELEMENTS--GENERAL INFORMATION | |
| fixed length control field | 961002s1997 njua b 001 0 eng |
| 020 ## - INTERNATIONAL STANDARD BOOK NUMBER | |
| International Standard Book Number | 0691011745 (pbk) |
| 020 ## - INTERNATIONAL STANDARD BOOK NUMBER | |
| International Standard Book Number | 9780691005447 (pbk) |
| 082 ## - DEWEY DECIMAL CLASSIFICATION NUMBER | |
| Classification number | 330 MER |
| 100 1# - MAIN ENTRY--PERSONAL NAME | |
| Personal name | Mercuro, Nicholas |
| 245 10 - TITLE STATEMENT | |
| Title | Economics and the law : |
| Remainder of title | from Posner to post-modernism / |
| Statement of responsibility, etc. | Nicholas Mercuro and Steven G. Medema |
| 260 ## - PUBLICATION, DISTRIBUTION, ETC. | |
| Place of publication, distribution, etc. | Princeton ; |
| Name of publisher, distributor, etc. | Princeton University Press, |
| Date of publication, distribution, etc. | 1997. |
| 300 ## - PHYSICAL DESCRIPTION | |
| Extent | viii, 235 p. : |
| Dimensions | 25 cm. |
| 365 ## - TRADE PRICE | |
| Price amount | Rs. 1778.00 |
| 505 ## - Contents | |
| Contents | Chapter 1. The Jurisprudential Niche of Law and Economics-<br/>Chapter 2. Chicago Law and Economics-<br/>Chapter 3. Public Choice Theory-<br/>Chapter 4. Institutional Law and Economics-<br/>Chapter 5. Neoinstitutional Law and Economics-<br/>Chapter 6. Critical Legal Studies-<br/>Chapter 7. Continuous Development and Continuing Concerns-<br/>Notes-<br/>Bibliography-<br/>Name Index-<br/>Subject Index.<br/> |
| 650 #0 - SUBJECT ADDED ENTRY--TOPICAL TERM | |
| Topical term or geographic name entry element | Law and economics. |
| 700 1# - ADDED ENTRY--PERSONAL NAME | |
| Personal name | Medema, Steven G. |
| 856 41 - ELECTRONIC LOCATION AND ACCESS | |
| Materials specified | Table of contents |
| Uniform Resource Identifier | <a href="http://www.loc.gov/catdir/toc/prin031/96046300.html">http://www.loc.gov/catdir/toc/prin031/96046300.html</a> |
| 942 ## - ADDED ENTRY ELEMENTS (KOHA) | |
| Source of classification or shelving scheme | Dewey Decimal Classification |
| Koha item type | BOOKs |
| Withdrawn status | Lost status | Source of classification or shelving scheme | Damaged status | Not for loan | Home library | Current library | Shelving location | Date acquired | Cost, normal purchase price | Total Checkouts | Full call number | Barcode | Date last seen | Price effective from | Koha item type |
|---|---|---|---|---|---|---|---|---|---|---|---|---|---|---|---|
| Dewey Decimal Classification | NLS | NLS | General Stacks | 30/05/2017 | 1778.00 | 330 MER | 18075 | 30/05/2017 | 30/05/2017 | BOOKs |